00529nam a22001457a 4500008004100000020001500041050001300056100002900069245010500098260004000203300003300243500003300276505004700309700002700356190724b xxu||||| |||| 00| 0 eng d a0801637562 aRB37.P24 aPAGANA, Kathleen Deska.  aMosby's diagnostic and laboratory test reference. /cKathleen Deska Pagana and Timothy James Pagana. aLondon :bMosby - Year book,c1992. avi, 843 p. :bill. ;c20 cm. aIncludes appendix and index. aContents: Diagnostic and laboratory tests. aPAGANA, Timothy James.